000
00319nam a22001217a 4500
008
160430b xxu||||| |||| 00| 0 eng d
020
_a
xx5545a
020
_a
18005338850
041
_a
eng
080
_a
618.2
245
_a
Strategies for launching your career;
_c
Judith A. Burckhardt; Barbara J. Irwin;
942
_2
udc
_c
BK
999
_c
1700
_d
1700